000 00700nam a2200289Ia 4500
005 20260324131800.0
008 008 260324s9999 xx 000 0 eng d
020 _a9780429479168
037 _aEBOOK
040 _aCRL
040 _beng
040 _cCRL
041 _2eng
041 _aeng
084 _qCRL
100 _aAntonia Murphy; Joan Foster
_91186811
245 0 _aPsychological Therapies in Primary Care
245 0 _bSetting up a Managed Service
260 _bTaylor and Francis
260 _c2005
365 _a
365 _b205
856 _uhttp://www.taylorfrancis.com/books/9780429479168
942 _cEBOOK
999 _c1784297
_d1784297